Score 0/10 Timer 01:30
5 Plays Today
% Correct
Grey's Anatomy
79%
Jennifer Grey
73.3%
Grey Aliens
68.7%
Fifty Shades of Grey
66.7%
Lady Jane Grey
66.3%
Earl Grey
53.4%
Jean Grey
49%
Zane Grey
44.8%
Joel Grey
42.3%
Grey Seal
31%

Today's Daily Dose

Remove Ads.
Support Sporcle.
Get the best of Sporcle when you Go Orange. This ad-free experience offers more features, more stats, and more fun while also helping to support Sporcle. Thank you for becoming a member.

You're not logged in!

Compare scores with friends on all Sporcle quizzes.
OR
Log In

Show Comments

Extras

Top Quizzes Today


Score Distribution

Your Account Isn't Verified!

In order to create a playlist on Sporcle, you need to verify the email address you used during registration. Go to your Sporcle Settings to finish the process.

Report this User

Report this user for behavior that violates our Community Guidelines.

Details: